The Ukrainians : (Record no. 1167)

000 -LEADER
fixed length control field 01351nam a22003257a 4500
001 - CONTROL NUMBER
control field 11990979
003 - CONTROL NUMBER IDENTIFIER
control field OSt
005 - DATE AND TIME OF LATEST TRANSACTION
control field 20210426120421.0
008 - FIXED-LENGTH DATA ELEMENTS--GENERAL INFORMATION
fixed length control field 000501s2000 ctuabf b 001 0 eng
010 ## - LIBRARY OF CONGRESS CONTROL NUMBER
LC control number 00033565
020 ## - INTERNATIONAL STANDARD BOOK NUMBER
International Standard Book Number 0300083556 (cloth)
040 ## - CATALOGING SOURCE
Original cataloging agency DLC
Transcribing agency DLC
Modifying agency DLC
043 ## - GEOGRAPHIC AREA CODE
Geographic area code e-un---
050 00 - LIBRARY OF CONGRESS CALL NUMBER
Classification number DK508.45
Item number .W55 2000
080 ## - UNIVERSAL DECIMAL CLASSIFICATION NUMBER
Universal Decimal Classification number 94
Item number W-70
082 00 - DEWEY DECIMAL CLASSIFICATION NUMBER
Classification number 947.7
Edition number 21
100 1# - MAIN ENTRY--PERSONAL NAME
Personal name Wilson, Andrew,
Dates associated with a name 1961-
245 14 - TITLE STATEMENT
Title The Ukrainians :
Remainder of title unexpected nation /
Statement of responsibility, etc. Andrew Wilson.
260 ## - PUBLICATION, DISTRIBUTION, ETC.
Place of publication, distribution, etc. New Haven :
Name of publisher, distributor, etc. Yale University Press,
Date of publication, distribution, etc. c2000.
300 ## - PHYSICAL DESCRIPTION
Extent xviii, 366 p., [24] p. of plates :
Other physical details ill. (some col.), maps ;
Dimensions 25 cm.
504 ## - BIBLIOGRAPHY, ETC. NOTE
Bibliography, etc. note Includes bibliographical references (p. [318]-323) and index.
651 #0 - SUBJECT ADDED ENTRY--GEOGRAPHIC NAME
Geographic name Ukraine
General subdivision History.
653 ## - INDEX TERM--UNCONTROLLED
Uncontrolled term ისტორია
856 42 - ELECTRONIC LOCATION AND ACCESS
Materials specified Book review (H-Net)
Uniform Resource Identifier <a href="http://www.h-net.org/review/hrev-a0c0u4-aa">http://www.h-net.org/review/hrev-a0c0u4-aa</a>
856 42 - ELECTRONIC LOCATION AND ACCESS
Materials specified Contributor biographical information
Uniform Resource Identifier <a href="http://www.loc.gov/catdir/enhancements/fy0629/00033565-b.html">http://www.loc.gov/catdir/enhancements/fy0629/00033565-b.html</a>
856 42 - ELECTRONIC LOCATION AND ACCESS
Materials specified Publisher description
Uniform Resource Identifier <a href="http://www.loc.gov/catdir/enhancements/fy0629/00033565-d.html">http://www.loc.gov/catdir/enhancements/fy0629/00033565-d.html</a>
906 ## - LOCAL DATA ELEMENT F, LDF (RLIN)
a 7
b cbc
c orignew
d 1
e ocip
f 20
g y-gencatlg
942 ## - ADDED ENTRY ELEMENTS (KOHA)
Source of classification or shelving scheme
Koha item type Books
Holdings
Withdrawn status Lost status Source of classification or shelving scheme Damaged status Not for loan Permanent location Current location Date acquired Inventory number Full call number Date last seen Copy number Price effective from Koha item type
          Ken Walker International University Ken Walker International University 02/04/2021 414 94 W-70 02/04/2021 414 02/04/2021 Books

Powered by Koha